Свирлаг: цитаты, воспоминания, письма, документы (Запись № 11873007)

Подробности
000 -МАРКЕР
контрольное поле 01884nam0a2200313 i 4500
001 - ИДЕНТИФИКАТОР ЗАПИСИ
контрольное поле RU\NLR\BIBL_A\012094712
005 - ИДЕНТИФИКАТОР ВЕРСИИ
контрольное поле 20260408212454.0
035 ## - ДРУГИЕ СИСТЕМНЫЕ НОМЕРА
Идентификатор записи (NLR Aleph) 012094712
100 ## - ДАННЫЕ ОБЩЕЙ ОБРАБОТКИ
Данные общей обработки 20190916d2019 km y0rusy50 ca
101 0# - ЯЗЫК РЕСУРСА
Язык текста, звукозаписи и т.д. русский
102 ## - СТРАНА ПУБЛИКАЦИИ ИЛИ ПРОИЗВОДСТВА
Страна публикации Российская Федерация
105 ## - ПОЛЕ КОДИРОВАННЫХ ДАННЫХ: ТЕКСТОВЫЕ МАТЕРИАЛЫ, МОНОГРАФИЧЕСКИЕ
Кодированные данные о монографическом текстовом документе achbz|||000zc
200 1# - ЗАГЛАВИЕ И СВЕДЕНИЯ ОБ ОТВЕТСТВЕННОСТИ
Основное заглавие Свирлаг: цитаты, воспоминания, письма, документы
Первые сведения об ответственности [Межрегиональная конференция "Свирские новомученики в истории Русской православной церкви", Санкт-Петербург, 4 июня 2019 г.
Последующие сведения об ответственности автор-составитель: Петр Васильев]
210 ## - ПУБЛИКАЦИЯ, РАСПРОСТРАНЕНИЕ И ДР.
Место издания, распространения и т.д. Санкт-Петербург
Имя издателя, распространителя и т. д. [б. и.]
Дата издания, распространения и т.д. 2019
215 ## - ФИЗИЧЕСКАЯ ХАРАКТЕРИСТИКА
Специфическое обозначение материала и объем [4], 184 с.
Другие сведения о физической характеристике ил., портр., факс., к.
Размеры 21
300 ## - ОБЩИЕ ПРИМЕЧАНИЯ
Текст примечания Без тит. л. Описано по обл.
601 02 - НАИМЕНОВАНИЕ ОРГАНИЗАЦИИ КАК ПРЕДМЕТ
Начальный элемент ввода Свирский исправительно-трудовой лагерь ОГПУ
Системный номер авторитетной/нормативной записи 2425497
Идентификатор авторитетной/нормативной записи RU\NLR\AUTH\6601662558
686 ## - ИНДЕКСЫ ДРУГИХ КЛАССИФИКАЦИЙ
Индекс Т3(2)7-3
686 ## - ИНДЕКСЫ ДРУГИХ КЛАССИФИКАЦИЙ
Индекс Х628.402.11
702 #1 - ИМЯ ЛИЦА - ВТОРИЧНАЯ ОТВЕТСТВЕННОСТЬ
Код отношения Составитель
Графика поля Кириллица
Материалы, к которым относится поле rus
Начальный элемент ввода Васильев
Часть имени, кроме начального элемента ввода П. А.
Дополнения к именам, кроме дат журналист, краевед, писатель
Даты 1967-
Расширение инициалов личного имени Петр Александрович
Системный номер авторитетной/нормативной записи 166317
Идентификатор авторитетной/нормативной записи RU\NLR\AUTH\770166364
711 12 - НАИМЕНОВАНИЕ ОРГАНИЗАЦИИ - АЛЬТЕРНАТИВНАЯ ОТВЕТСТВЕННОСТЬ
Начальный элемент ввода "Свирские новомученики в истории Русской православной церкви", межрегиональная конференция
Место проведения временной организации Санкт-Петербург
Дата проведения временной организации 2019
Системный номер авторитетной/нормативной записи 678351
Идентификатор авторитетной/нормативной записи RU\NLR\AUTH\880509064
712 02 - НАИМЕНОВАНИЕ ОРГАНИЗАЦИИ - ВТОРИЧНАЯ ОТВЕТСТВЕННОСТЬ
Код отношения Прочие
Начальный элемент ввода Свирский исправительно-трудовой лагерь ОГПУ
Системный номер авторитетной/нормативной записи 678348
Идентификатор авторитетной/нормативной записи RU\NLR\AUTH\880509062
942 ## - ДОПОЛНИТЕЛЬНЫЕ ЭЛЕМЕНТЫ ЗАПИСИ (АБИС)
Тип экземпляра АБИС Книга
980 ## - КОЛЛЕКЦИЯ
Название коллекции НБР

Нет доступных экземпляров.